Catálogo - Centro de Recursos para el Aprendizaje y la Investigación

Volver al Sitio - CRAI Biblioteca

El desafío del aprendizaje cooperativo en la universidad / (Registro nro. 113642)

Detalles MARC
000 -CABECERA
campo de control de longitud fija 04805nam a22006497a 4500
001 - NÚMERO DE CONTROL
campo de control 113641
003 - IDENTIFICADOR DEL NÚMERO DE CONTROL
campo de control DR-UNIBE
005 - FECHA Y HORA DE LA ÚLTIMA TRANSACCIÓN
campo de control 20250516105100.0
008 - DATOS DE LONGITUD FIJA--INFORMACIÓN GENERAL
campo de control de longitud fija 250516b2024 sp ||||| |||| 00| 0 spa d
020 ## - NÚMERO INTERNACIONAL ESTÁNDAR DEL LIBRO
Número Internacional Estándar del Libro 9788427731899
040 ## - FUENTE DE LA CATALOGACIÓN
Centro catalogador/agencia de origen BIBLIOTECA UNIBE
Centro/agencia transcriptor BIBLIOTECA UNIBE
Normas de descripción rda
041 ## - CÓDIGO DE LENGUA
Código de lengua del texto/banda sonora o título independiente spa
082 ## - NÚMERO DE LA CLASIFICACIÓN DECIMAL DEWEY
Número de clasificación 370.7 A654c
245 03 - MENCIÓN DE TÍTULO
Título El desafío del aprendizaje cooperativo en la universidad /
Mención de responsabilidad, etc. Virginia Acuña-Ferreira [y otros veinticuatro]
260 ## - PUBLICACIÓN, DISTRIBUCIÓN, ETC.
Lugar de publicación, distribución, etc. Madrid :
Nombre del editor, distribuidor, etc. Narcea ,
Fecha de publicación, distribución, etc. 2024
300 ## - DESCRIPCIÓN FÍSICA
Extensión 146 páginas
490 ## - MENCIÓN DE SERIE
Mención de serie Universitaria
505 ## - NOTA DE CONTENIDO CON FORMATO
Nota de contenido con formato 1. EL APRENDIZAJE COOPERATIVO EN LA UNIVERSIDAD |<br/>2. ÁMBITO A. LA COHESIÓN DE GRUPO: DINÁMICAS PARA FOMENTAR LA PARTICIPACIÓN Y EL CONOCIMIENTO MUTUO. LOS EQUIPOS COOPERATIVOS |<br/> 2.1. Ámbito de intervención A. La pelota |<br/> 2.2. Ámbito de intervención A. El blanco y la diana |<br/> 2.3. Ámbito de intervención A. Mundo de colores |<br/>3. ÁMBITO B. EL TRABAJO EN EQUIPO COMO RECURSO: ESTRUCTURAS COOPERATIVAS SIMPLES |<br/> 3.1. Ámbito de intervención B. Lectura compartida |<br/> 3.2. Ámbito de intervención B. 1-2-4 |<br/> 3.3. Ámbito de intervención B. El folio giratorio |<br/> 3.4. Ámbito de intervención B. Parada de tres minutos |<br/> 3.5. Ámbito de intervención B. Lápices al centro |<br/> 3.6. Ámbito de intervención B. Juego de palabras |<br/>4. ÁMBITO C. EL TRABAJO EN EQUIPO COMO CONTENIDO |<br/>EPÍLOGO. UN PROYECTO CON VOCACIÓN DE CONTINUIDAD: ¿DÓNDE ESTAMOS? ¿HACIA DÓNDE VAMOS? |<br/>
520 3# - SUMARIO, ETC.
Sumario, etc. En la docencia universitaria, es frecuente escuchar: “No trabajan en equipo, dividen los trabajos y solo saben de su parte. No serán capaces de integrarse en un equipo”. Fomentar el trabajo en equipo sigue siendo una prioridad en nuestras aulas universitarias. Cada año, el alumnado se gradúa e inicia su trayectoria profesional sin haber desarrollado y afianzado sus habilidades en una competencia transversal y esencial en cualquier profesión o disciplina: el trabajo en equipo.<br/><br/>Este libro presenta una experiencia práctica de transformación en la docencia universitaria para cooperar aprendiendo y, a la vez, aprender a cooperar. Parte de un proceso de acompañamiento y formación del profesorado de la Facultade de Educación y Traballo Social (FETS) de la Universidade de Vigo que ha favorecido la implementación del aprendizaje cooperativo en las cuatro titulaciones de este centro, analizando los primeros resultados e impactos en los procesos de enseñanza-aprendizaje.<br/><br/>El manual proporciona una base teórica combinada con procedimientos prácticos para transformar la docencia de manera gradual. Incluye ejemplos prácticos de la implementación en diferentes materias y cursos, recogiendo las opiniones y experiencias del propio alumnado.<br/>
650 #7 - PUNTO DE ACCESO ADICIONAL DE MATERIA--TÉRMINO DE MATERIA
Fuente del encabezamiento o término lemb
Término de materia o nombre geográfico como elemento de entrada Educación superior
650 #7 - PUNTO DE ACCESO ADICIONAL DE MATERIA--TÉRMINO DE MATERIA
Fuente del encabezamiento o término lemb
Término de materia o nombre geográfico como elemento de entrada Innovaciones educativas
650 #7 - PUNTO DE ACCESO ADICIONAL DE MATERIA--TÉRMINO DE MATERIA
Fuente del encabezamiento o término lemb
Término de materia o nombre geográfico como elemento de entrada Profesores
650 #7 - PUNTO DE ACCESO ADICIONAL DE MATERIA--TÉRMINO DE MATERIA
Fuente del encabezamiento o término lemb
Término de materia o nombre geográfico como elemento de entrada Docencia
9 (RLIN) 97841
653 ## - TÉRMINO DE INDIZACIÓN--NO CONTROLADO
Término no controlado Desarrollo profesional docente
653 ## - TÉRMINO DE INDIZACIÓN--NO CONTROLADO
Término no controlado Métodos en educación
653 ## - TÉRMINO DE INDIZACIÓN--NO CONTROLADO
Término no controlado Docencia universitaria
700 1# - PUNTO DE ACCESO ADICIONAL--NOMBRE DE PERSONA
Nombre de persona Alonso-Ferreiro, Almudena
Término indicativo de función/relación editor
9 (RLIN) 195545
700 1# - PUNTO DE ACCESO ADICIONAL--NOMBRE DE PERSONA
Nombre de persona Mociño-González, Isabel
Término indicativo de función/relación editor
9 (RLIN) 195546
700 1# - PUNTO DE ACCESO ADICIONAL--NOMBRE DE PERSONA
Nombre de persona Riobóo-Lois, Breogán
Término indicativo de función/relación editor
9 (RLIN) 195547
700 1# - PUNTO DE ACCESO ADICIONAL--NOMBRE DE PERSONA
Nombre de persona Zabalza-Cerdeiriña, María-Ainoa
Término indicativo de función/relación editor
9 (RLIN) 151713
700 1# - PUNTO DE ACCESO ADICIONAL--NOMBRE DE PERSONA
Nombre de persona Acuña-Ferreira, Virginia
Término indicativo de función/relación autor
9 (RLIN) 195548
700 1# - PUNTO DE ACCESO ADICIONAL--NOMBRE DE PERSONA
Nombre de persona Blanco-Pardo, Nazaret
Término indicativo de función/relación autor
9 (RLIN) 195549
700 1# - PUNTO DE ACCESO ADICIONAL--NOMBRE DE PERSONA
Nombre de persona Carrera-Fernández, María Victoria
Término indicativo de función/relación autor
9 (RLIN) 195550
700 1# - PUNTO DE ACCESO ADICIONAL--NOMBRE DE PERSONA
Nombre de persona Casal-de-la-Fuente, Lucía
Término indicativo de función/relación autor
9 (RLIN) 195551
700 1# - PUNTO DE ACCESO ADICIONAL--NOMBRE DE PERSONA
Nombre de persona Castro-Pais, María Dolores
Término indicativo de función/relación autor
9 (RLIN) 195552
700 1# - PUNTO DE ACCESO ADICIONAL--NOMBRE DE PERSONA
Nombre de persona Cochón-Núñez, María Concepción
Término indicativo de función/relación autor
9 (RLIN) 195553
700 1# - PUNTO DE ACCESO ADICIONAL--NOMBRE DE PERSONA
Nombre de persona Conde-Rodríguez, Ángeles
Término indicativo de función/relación autor
9 (RLIN) 195554
700 1# - PUNTO DE ACCESO ADICIONAL--NOMBRE DE PERSONA
Nombre de persona Díeguez-García, Nuria
Término indicativo de función/relación autor
9 (RLIN) 195555
700 1# - PUNTO DE ACCESO ADICIONAL--NOMBRE DE PERSONA
Nombre de persona Escuredo-Pérez, Olga
Término indicativo de función/relación autor
9 (RLIN) 195556
700 1# - PUNTO DE ACCESO ADICIONAL--NOMBRE DE PERSONA
Nombre de persona Fernández-Vázquez, Mar
Término indicativo de función/relación autor
9 (RLIN) 195557
700 1# - PUNTO DE ACCESO ADICIONAL--NOMBRE DE PERSONA
Nombre de persona Ferreiro-González, Isabel
Término indicativo de función/relación autor
9 (RLIN) 195558
700 1# - PUNTO DE ACCESO ADICIONAL--NOMBRE DE PERSONA
Nombre de persona García-Fuentes, Olalla
Término indicativo de función/relación autor
9 (RLIN) 195559
700 1# - PUNTO DE ACCESO ADICIONAL--NOMBRE DE PERSONA
Nombre de persona García-Señorán, María del Mar
Término indicativo de función/relación autor
9 (RLIN) 195560
700 1# - PUNTO DE ACCESO ADICIONAL--NOMBRE DE PERSONA
Nombre de persona González-Rodríguez, Rubén
Término indicativo de función/relación autor
9 (RLIN) 195561
700 1# - PUNTO DE ACCESO ADICIONAL--NOMBRE DE PERSONA
Nombre de persona González-Vázquez, Mercedes
Término indicativo de función/relación autor
9 (RLIN) 195562
700 1# - PUNTO DE ACCESO ADICIONAL--NOMBRE DE PERSONA
Nombre de persona Iglesias-Álvarez, Ana
Término indicativo de función/relación autor
9 (RLIN) 195563
700 1# - PUNTO DE ACCESO ADICIONAL--NOMBRE DE PERSONA
Nombre de persona Lago-Martínez, José Ramón
Término indicativo de función/relación autor
9 (RLIN) 195564
700 1# - PUNTO DE ACCESO ADICIONAL--NOMBRE DE PERSONA
Nombre de persona Loureiro-Ga, Marcos
Término indicativo de función/relación autor
9 (RLIN) 195565
700 1# - PUNTO DE ACCESO ADICIONAL--NOMBRE DE PERSONA
Nombre de persona Martínez-Román, Rosana
Término indicativo de función/relación autor
9 (RLIN) 195566
700 1# - PUNTO DE ACCESO ADICIONAL--NOMBRE DE PERSONA
Nombre de persona Raposo-Rivas, Manuela
Término indicativo de función/relación autor
9 (RLIN) 195567
700 1# - PUNTO DE ACCESO ADICIONAL--NOMBRE DE PERSONA
Nombre de persona Rodríguez-Enríquez, Mónica
Término indicativo de función/relación autor
9 (RLIN) 195568
700 1# - PUNTO DE ACCESO ADICIONAL--NOMBRE DE PERSONA
Nombre de persona Rodríguez-Rodríguez, Juan Luis
Término indicativo de función/relación autor
9 (RLIN) 195569
700 1# - PUNTO DE ACCESO ADICIONAL--NOMBRE DE PERSONA
Nombre de persona Sierra-Martínez, Silvia
Término indicativo de función/relación autor
9 (RLIN) 195570
700 1# - PUNTO DE ACCESO ADICIONAL--NOMBRE DE PERSONA
Nombre de persona Vázquez-Figueiredo, María José
Término indicativo de función/relación autor
9 (RLIN) 195571
700 1# - PUNTO DE ACCESO ADICIONAL--NOMBRE DE PERSONA
Nombre de persona Vázquez-Pérez, Raquel
Término indicativo de función/relación autor
9 (RLIN) 195572
942 ## - ELEMENTOS DE PUNTO DE ACCESO ADICIONAL (KOHA)
Fuente del sistema de clasificación o colocación Sistema de Clasificación Decimal Dewey
Tipo de ítem Koha Libro (general)
Existencias
Estado de retiro Estado de pérdida Fuente del sistema de clasificación o colocación No para préstamo Código de colección Localización permanente Fecha de adquisición Total de préstamos Signatura topográfica completa Código de barras Fecha visto por última vez Fecha del último préstamo Número de copia Precio válido a partir de Tipo de ítem Koha
  Disponible Sistema de Clasificación Decimal Dewey   General Biblioteca Central UNIBE 16/05/2025 1 370.7 A654c 250594 21/05/2025 21/05/2025 Ej. 1 16/05/2025 Libro (general)